Rastliny ako bioindikátory toxicity : Bakalárska práca

Salvato in:
Dettagli Bibliografici
Autori principali: Škárka, Bohumil, 1933- (xxx), Tkáčik, Marek (Autore)
Natura: Manoscritto Libro
Lingua:slovacco
Pubblicazione: Trnava : STU v Bratislave MtF KEBI, 2006
Soggetti:
Tags: Aggiungi Tag
Nessun Tag, puoi essere il primo ad aggiungerne!!

MARC

LEADER 00000ntm a22000003a 4500
001 stu129831
005 20160719155635.2
008 061116s2006----xo------------------slo-d
040 |a STU  |b slo 
041 0 |a slo 
044 |a xo 
100 1 |a Škárka, Bohumil,  |d 1933-  |4 xxx  |u M390  |U MTF Materiálovotechnologická fakulta  |T MTF Katedra environmentálneho a bezpečnostného inžinierstva  |X 1525  |U M390  |Y 177  |7 A000001525 
245 1 |a Rastliny ako bioindikátory toxicity :  |b Bakalárska práca 
260 |a Trnava :  |b STU v Bratislave MtF KEBI,  |c 2006 
300 |a 56 s  |c 1 CD-ROM 
650 7 |a inžinierstvo životného prostredia  |2 stusub 
650 7 |a bioindikátory  |2 stusub 
700 1 |a Tkáčik, Marek  |4 aut 
996 |b 284M074883  |c M*BP-2137  |l MMSKP  |s P  |a 0  |w stu129831_0001